| 000 | 00855nam0a2200265 4500 | ||
|---|---|---|---|
| 001 | RU\NLR\ONL1\1667 | ||
| 005 | 20250613113518.0 | ||
| 035 | _a(NLR Aleph) 009630425 | ||
| 090 |
_a9489875 _c9489875 |
||
| 100 | _a20030625d1933 |||y0rusy50 ca | ||
| 101 | 0 | _achm | |
| 102 | _aRU | ||
| 105 | _aa ||||||||| | ||
| 200 | 1 |
_aПушэн|гым ида мондо _fАлэксандровский А. _g[Пер. Семенов] |
|
| 210 |
_aМ. _cНаркомтьажпром савыктыш _d1933 |
||
| 215 |
_a38,[2] с. _cил. _d20 |
||
| 300 | _aОписано по обл. | ||
| 541 | 1 |
_aНе забывайте о дереве _zrus |
|
| 700 | 1 |
_aАлександровский _bА. _4070 |
|
| 801 | 0 |
_aRU _bNLR _c20030625 _gPSBO |
|
| 852 |
_aNLR _bОНЛ _jМар.л./2-411 |
||
| 942 | _cBOOK | ||
| 980 | _aNB | ||